Stromlo (Record no. 15663)

MARC details
000 -LEADER
fixed length control field 00648nam a2200193Ia 4500
003 - CONTROL NUMBER IDENTIFIER
control field IN-BaIIA
008 - FIXED-LENGTH DATA ELEMENTS--GENERAL INFORMATION
fixed length control field 211028s9999 xx 000 0 eng d
020 ## - INTERNATIONAL STANDARD BOOK NUMBER
International Standard Book Number 1-86508-659-2
040 ## - CATALOGING SOURCE
Transcribing agency IIA Library
080 ## - UNIVERSAL DECIMAL CLASSIFICATION NUMBER
Universal Decimal Classification number 520.1(091)
Item number FRA
100 ## - MAIN ENTRY--PERSONAL NAME
Personal name Frame, T
9 (RLIN) 28877
245 #0 - TITLE STATEMENT
Title Stromlo
Remainder of title an Australian observatory
Statement of responsibility, etc. T. Frame and D. Faulkner
260 ## - PUBLICATION, DISTRIBUTION, ETC.
Place of publication, distribution, etc. Australia
Name of publisher, distributor, etc. Allen and Unwin
Date of publication, distribution, etc. 2003
300 ## - PHYSICAL DESCRIPTION
Extent xix, 364p.
650 ## - SUBJECT ADDED ENTRY--TOPICAL TERM
Topical term or geographic name entry element Astronomical observatories - Australian capital territory
9 (RLIN) 28878
650 ## - SUBJECT ADDED ENTRY--TOPICAL TERM
Topical term or geographic name entry element Mount stromlo observatory - history
9 (RLIN) 28879
700 ## - ADDED ENTRY--PERSONAL NAME
Personal name Faulkner, D.
9 (RLIN) 28880
942 ## - ADDED ENTRY ELEMENTS (KOHA)
Koha item type Books
Holdings
Withdrawn status Lost status Source of classification or shelving scheme Damaged status Not for loan Home library Current library Shelving location Date acquired Source of acquisition Total Checkouts Full call number Barcode Date last seen Price effective from Koha item type
          IIA Library-Bangalore IIA Library-Bangalore General Stacks 19/04/2004 ALLEN   520.1(091)/ FRA 16585 05/11/2021 19/04/2004 Books

Powered by Koha